| 000 | 00477nam a2200145Ia 4500 | ||
|---|---|---|---|
| 008 | 220216s9999 xx 000 0 und d | ||
| 100 | _aBudiman A S | ||
| 245 | 0 | _aSmallholder rubber agroforestry in Indonesia | |
| 260 | _bInternational Rubber Conference 1997. Rubber Science and Technology: Improving Quality of Life, Kuala Lumpur, Malaysia 6-9 Oct 1997; p543 | ||
| 650 | _aAgroforestry | ||
| 650 | _aIndonesia | ||
| 650 | _aRubber | ||
| 650 | _aSmallholders | ||
| 942 | _cJS | ||
| 999 |
_c68767 _d68767 |
||